000
00350nam a2200121Ia 4500
008
191206s9999 xx 000 0 und d
020
_a
9.78178E+12
090
_a
HQ1801E86
245
0
_a
"Shemurenga: The Zimbabwean women's movement, 1995-2000"
260
_c
c2013
300
_a
"xi, 109 pages ; 21 cm"
999
_c
16895
_d
16895